Normal view
MARC view
- Lipson, Marc
Entry Personal Name
001 - CONTROL NUMBER
- control field: 109541
003 - CONTROL NUMBER IDENTIFIER
- control field: NUST
005 - DATE AND TIME OF LATEST TRANSACTION
- control field: 20230223180625.0
008 - FIXED-LENGTH DATA ELEMENTS
- fixed length control field: 230223|| aca||aabn | a|a d
040 ## - CATALOGING SOURCE
- Original cataloging agency: NUST
- Transcribing agency: NUST
100 ## - HEADING--PERSONAL NAME
- Personal name: Lipson, Marc
670 ## - SOURCE DATA FOUND
- Source citation: Work cat.: (NUST)217988: Lipschutz, Seymour. 8529, 2000 solved problems in discrete mathematics /, c1992.
